000
00304nam a2200121Ia 4500
008
220204s9999 xx 000 0 und d
082
_a
3.001.5
_b
SEL
100
_a
Selltiz, C
245
0
_a
Research methods in social relations
250
_a
Ed.3
260
_a
New York
_b
Holt, rinehart
_c
1976
942
_c
BK
999
_c
28149
_d
28149